000 00607cam a2200205 a 4500
001 000002846
005 20200929150253.0
008 810527s1970 ve 001 0 spa
040 _aDO-SdBNP
_bspa
_cBNPHU
082 _aV861.4
_bG361a
100 1 _aGerbasi, Vicente,
_d1913-
_99021
245 1 0 _aAntología poetica, 1943-1968 /
_cVicente Gerbasi.
260 _aCaracas :
_bMonte Ávila ,
_c1970.
300 _a366 p. ;
_c20 cm.
504 _aIncluye índice
650 4 _aPoesía venezolana
_xColecciones
_99022
650 4 _aLiteratura venezolana
_93816
910 _aCatalogación derivada
910 _aWM
999 _c2680
_d2680